Vista normal
Vista MARC
Entrada Topical Term
Número de registros utilizados en: 1
001 - CONTROL NUMBER
- control field: 30559
003 - CONTROL NUMBER IDENTIFIER
- control field: OSt
005 - DATE AND TIME OF LATEST TRANSACTION
- control field: 20231102145947.0
008 - FIXED-LENGTH DATA ELEMENTS
- fixed length control field: 160406|| aca||aabn | a|a d
040 ## - CATALOGING SOURCE
- Original cataloging agency: OSt
- Transcribing agency: OSt
150 ## - HEADING--TOPICAL TERM
- Topical term or geographic name entry element: FRANQUICIAS (COMERCIO MINORISTA)
670 ## - SOURCE DATA FOUND
- Source citation: Work cat.: (OSt)44630: HERMIDA, Jorge A. Autor 25076, Marketing de concepto más franchising , 1993